00653nam a2200181 a 450000100100000000500170001000800410002702000150006804000250008310000290010824500820013726000520021930000270027150000210029870000300031995201050034999900170045400004302620201002040601.0140217s1986 xxu 001 0 spa d a0871968460 aDO-SdBNPbspacBNPHU1 aKogelman, Stanley97055110aThe only math book you´ll ever need. /cStanley Kogelman, Barbara R. Heller. aNew York, :bFacts on file publications,c1986. axvii, 268 p. ;c23 cm. aIncluye índice1 aHeller, Barbara R.970552 001050718MOaGRbGRcCTd2014-02-17iLF1l0o p43026-10r2020-06-25w2020-06-25y1ZNo se presta c42515d42515